| 000 | 00656nam a2200205Ia 4500 | ||
|---|---|---|---|
| 003 | GCL | ||
| 008 | 140319s9999 xx 000 0 ara d | ||
| 040 |
_aGCL / _cGCL |
||
| 082 | 0 | 4 |
_a341.481 _bع ع |
| 100 | 1 | _aعلى عواد | |
| 245 | 1 | 0 |
_aالعنف المفرط : _bقانون النزاعات المسلحة وحقوق الانسان / _cعلى عواد |
| 250 | _aالاولى | ||
| 300 |
_a240 ص ؛ _c24 سم |
||
| 650 | 0 | 4 | _aحقوق الانسان |
| 650 | 0 | 4 | _aالعنف |
| 650 | 0 | 4 | _aالمنازعات الدولية |
| 650 | 0 | 4 | _aالصليب الاحمر |
| 650 | 0 | 4 | _aحقوق الانسان - قانون دولى |
| 942 |
_2ddc _cBK |
||
| 999 |
_c5480 _d5480 |
||